000 00697nam a2200229 a 4500
001 BRCA_1
005 20190320202833.0
008 841218s1984####ag-a#####b---#001-0#eng-#
020 _a0714880043
041 _aeng
044 _aag
050 4 _aN8600
_b.M35 1984
100 1 _aMallalieu, Huon
_91
245 1 0 _aHow to buy pictures
_bpractical advice on all aspects of the art market
_cHuon Mallalieu.
260 _aOxford
_bPhaidon : Christie´s
_c1984
300 _a159 p.
_bil. (algunas a color)
_c25 cm.
440 0 _aChristie´s Collectors Guides
_92
504 _aBibliografía: p. 151-153
650 1 4 _aArte
_xMercadeo
_93
650 1 4 _aCuadros
_xColeccionistas y colecciones
_94
942 _2lcc
_cB
999 _c1
_d1